[Event "Keres Memorial rap 33rd"]
[Site "Tallinn"]
[Date "2024.01.07"]
[Round "11"]
[White "Fridman, Daniel"]
[Black "Kuzubov, Yuriy"]
[Result "1-0"]
[WhiteElo "2588"]
[BlackElo "2605"]
[PlyCount "83"]
[EventDate "2024.01.06"]
[EventType "swiss (rapid)"]
[EventRounds "11"]
[EventCountry "EST"]
[SourceTitle "CB02_2024"]
[SourceDate "2024.01.10"]
[SourceVersion "1"]
[SourceVersionDate "2024.01.10"]
[SourceQuality "1"]

1. Nf3 d5 2. g3 c5 3. Bg2 g6 4. c3 Nc6 5. d4 cxd4 6. cxd4 Nh6 7. Nc3 Nf5 8. g4 Nd6 9. Nxd5 Qa5+ 10. Nc3 Bxg4 11. h3 Bxf3 12. Bxf3 Bg7 13. e3 0-0 14. Bd2 Qd8 15. h4 e5 16. d5 Nb4 17. Be2 e4 18. Qa4 a5 19. h5 Rc8 20. Kf1 Re8 21. hxg6 hxg6 22. Nb5 Nxb5 23. Bxb5 Re5 24. Bxb4 axb4 25. Qxb4 Rxd5 26. Ba4 Rdc5 27. Rd1 Qe7 28. Qd2 Rf5 29. Qe2 Rd8 30. Rxd8+ Qxd8 31. Bb3 Kf8 32. Rh7 Rc5 33. Qg4 Qd3+ 34. Kg2 Rc1 35. Rh1 Rxh1 36. Qc8+ Ke7 37. Qxb7+ Kd8 38. Qb8+ Kd7 39. Qb7+ Kd6 40. Qb6+ Ke5 41. Qc7+ Kf5 42. Qf4# 1-0

[Event "Keres Memorial rap 33rd"]
[Site "Tallinn"]
[Date "2024.01.06"]
[Round "1"]
[White "Orgse, Karl Kristofer"]
[Black "Fridman, Daniel"]
[Result "0-1"]
[WhiteElo "1680"]
[BlackElo "2588"]
[PlyCount "78"]
[EventDate "2024.01.06"]
[EventType "swiss (rapid)"]
[EventRounds "11"]
[EventCountry "EST"]
[SourceTitle "CB02_2024"]
[SourceDate "2024.01.10"]
[SourceVersion "1"]
[SourceVersionDate "2024.01.10"]
[SourceQuality "1"]

1. d4 d5 2. c4 e6 3. Nc3 c5 4. Nf3 cxd4 5. Nxd4 e5 6. Nc2 d4 7. Nd5 Nf6 8. Bg5 Bf5 9. e3 Nc6 10. exd4 Bxc2 11. Qxc2 Nxd4 12. Qa4+ b5 13. Qd1 Nxd5 14. Bxd8 Bb4+ 15. Qd2 Rxd8 16. cxd5 Bxd2+ 17. Kxd2 Rxd5 18. Bd3 f5 19. Rhc1 0-0 20. Ke1 e4 21. Be2 Rfd8 22. Rab1 Nxe2 23. Kxe2 Rd2+ 24. Ke1 f4 25. Rc3 e3 26. fxe3 Rxg2 27. Kf1 f3 28. e4 Rxh2 29. Kg1 Rdd2 30. Rxf3 Rdg2+ 31. Kf1 Rg4 32. Re1 Rh1+ 33. Kf2 Rxe1 34. Kxe1 Rxe4+ 35. Kf2 g5 36. Rf5 Rf4+ 37. Rxf4 gxf4 38. Kf3 Kf7 39. Kxf4 Ke6 0-1

[Event "Bratislava exe op"]
[Site "Bratislava"]
[Date "2023.09.21"]
[Round "7"]
[White "Kazakouski, Valery"]
[Black "Fridman, Daniel"]
[Result "1/2-1/2"]
[WhiteElo "2558"]
[BlackElo "2577"]
[PlyCount "67"]
[EventDate "2023.09.15"]
[EventType "swiss"]
[EventRounds "9"]
[EventCountry "SVK"]
[SourceTitle "EXT 2024"]
[Source "ChessBase"]
[SourceDate "2023.10.10"]
[SourceVersion "1"]
[SourceVersionDate "2023.10.10"]
[SourceQuality "1"]

1. e4 e6 2. d4 d5 3. Nc3 Nf6 4. e5 Nfd7 5. f4 c5 6. Nf3 Nc6 7. Be3 cxd4 8. Nxd4 Qb6 9. Qd2 Qxb2 10. Rb1 Qa3 11. Bb5 Nxd4 12. Bxd4 a6 13. Bxd7+ Bxd7 14. Rb3 Qe7 15. Rxb7 Qh4+ 16. g3 Qd8 17. Bb6 Qc8 18. Rc7 Qd8 19. Qd4 Ba3 20. 0-0 Rc8 21. Rb7 Qxb6 22. Rxb6 Bc5 23. Ne2 0-0 24. Rd1 Bb5 25. Qxc5 Rxc5 26. Nd4 h5 27. f5 exf5 28. e6 Rc4 29. e7 Re8 30. Rb7 g6 31. Nxb5 axb5 32. Rxd5 f6 33. Rd6 Kg7 34. Rbb6 1/2-1/2